[Event "Langenhagen-ch op"]
[Site "Langenhagen"]
[Date "2013.09.29"]
[Round "7"]
[White "Marks, Udo"]
[Black "Wittur, Helge"]
[Result "0-1"]
[WhiteElo "1668"]
[BlackElo "1865"]
[PlyCount "56"]
[EventDate "2013.06.22"]
[EventType "swiss"]
[EventRounds "7"]
[EventCountry "GER"]
[SourceTitle "EXT 2021"]
[Source "ChessBase"]
[SourceDate "2020.10.23"]
[SourceVersion "1"]
[SourceVersionDate "2020.10.23"]
[SourceQuality "1"]

1. e4 e6 2. d4 d5 3. Nc3 Nf6 4. exd5 exd5 5. Bd3 Be7 6. Nf3 0-0 7. 0-0 Re8 8. Ne5 Nc6 9. Ne2 Nxe5 10. dxe5 Ne4 11. Be3 Nc5 12. f4 Nxd3 13. Qxd3 Bf8 14. Rad1 Bg4 15. Rfe1 c6 16. h3 Bxe2 17. Rxe2 Qa5 18. a3 Bc5 19. Kh2 Bxe3 20. Rxe3 Qa4 21. Rf1 Rad8 22. f5 Qc4 23. Qd1 d4 24. Qg4 Qxf1 25. f6 g6 26. Rf3 Qc1 27. Rf5 Qe3 28. Rg5 Rxe5 0-1

[Event "Langenhagen-ch op"]
[Site "Langenhagen"]
[Date "2013.08.24"]
[Round "3"]
[White "Braun, Alexander"]
[Black "Marks, Udo"]
[Result "0-1"]
[WhiteElo "1674"]
[BlackElo "1668"]
[PlyCount "116"]
[EventDate "2013.06.22"]
[EventType "swiss"]
[EventRounds "7"]
[EventCountry "GER"]
[SourceTitle "EXT 2021"]
[Source "ChessBase"]
[SourceDate "2020.10.23"]
[SourceVersion "1"]
[SourceVersionDate "2020.10.23"]
[SourceQuality "1"]

1. d4 f5 2. e4 fxe4 3. Nc3 Nf6 4. Bg5 e6 5. Nxe4 Be7 6. Bxf6 Bxf6 7. Qh5+ g6 8. Qd1 d5 9. Ng3 c5 10. Nf3 Nc6 11. Bd3 Nxd4 12. Nxd4 Qa5+ 13. c3 cxd4 14. 0-0 dxc3 15. bxc3 0-0 16. Rc1 b6 17. c4 Bb7 18. Qc2 Rae8 19. Rfe1 Qc5 20. cxd5 Qxc2 21. Rxc2 Bxd5 22. Ne4 Bxe4 23. Bxe4 Bd4 24. Bf3 e5 25. Rd1 e4 26. Rxd4 exf3 27. gxf3 Rxf3 28. Rd7 Re1+ 29. Kg2 Rf7 30. Rcc7 Rxd7 31. Rxd7 a5 32. Rb7 Ra1 33. Rxb6 Rxa2 34. Rb7 a4 35. Ra7 a3 36. Kg3 Ra1 37. Kg2 h5 38. h4 Kf8 39. Kh2 Ke8 40. Kg2 Kd8 41. Ra6 Kc7 42. Ra4 Kc6 43. Ra8 Kc5 44. Rb8 Kc4 45. Rb7 Kc3 46. Rb8 Kc2 47. Ra8 Kb2 48. Ra6 Rb1 49. Rb6+ Ka1 50. Re6 a2 51. Re2 Rc1 52. Re6 Kb2 53. Rb6+ Kc2 54. Rc6+ Kd2 55. Rd6+ Ke2 56. Re6+ Kd3 57. Rd6+ Ke4 58. f3+ Ke5 0-1

[Event "Langenhagen-ch op"]
[Site "Langenhagen"]
[Date "2012.07.21"]
[Round "3"]
[White "Graue, Rainer"]
[Black "Marks, Udo"]
[Result "0-1"]
[WhiteElo "995"]
[BlackElo "1678"]
[PlyCount "64"]
[EventDate "2012.06.23"]
[EventType "swiss"]
[EventRounds "7"]
[EventCountry "GER"]
[SourceTitle "EXT 2021"]
[Source "ChessBase"]
[SourceDate "2020.10.23"]
[SourceVersion "1"]
[SourceVersionDate "2020.10.23"]
[SourceQuality "1"]

1. d4 f5 2. c4 Nf6 3. Nc3 e6 4. a3 d5 5. c5 c6 6. Bf4 b6 7. b4 Ne4 8. Qc2 Nd7 9. e3 bxc5 10. bxc5 Qa5 11. Nge2 e5 12. Bg3 f4 13. Bh4 g5 14. f3 Nxc3 15. Qxc3 Qxc3+ 16. Nxc3 gxh4 17. Nd1 fxe3 18. Nxe3 exd4 19. Nc2 Bg7 20. Rd1 Nxc5 21. Nxd4 Bxd4 22. Rxd4 Bf5 23. Rxh4 Rb8 24. Rd4 0-0 25. Kf2 Rb2+ 26. Kg3 Rb3 27. a4 Ne4+ 28. Kh4 Nf2 29. Rg1 Rf6 30. Kg3 Ne4+ 31. Kf4 Bc8+ 32. Ke5 Rf5# 0-1